| 000 | 00554nam a2200205Ia 4500 | ||
|---|---|---|---|
| 005 | 20260429112109.0 | ||
| 008 | 260429s9999||||xx |||||||||||||| ||und|| | ||
| 020 | _a9783031562242 | ||
| 041 | _aEnglish | ||
| 082 |
_a516.362 _bESL |
||
| 100 | _aEslami Rad, Anahita | ||
| 245 | 0 |
_aSymplectic and contact geometry : _ba concise introduction / _cAnahita Eslami Rad |
|
| 250 | _a1st ed. | ||
| 260 |
_aSwitzerland : _bSpringer, _c2024. |
||
| 300 | _ax, 178 p.; hb | ||
| 650 | _a Contact | ||
| 650 | _a Symplectic | ||
| 650 | _aGeometry | ||
| 942 | _cTB | ||
| 999 |
_c52334 _d52334 |
||